| 000 | 00795cab a2200241 4500 | ||
|---|---|---|---|
| 001 | WB3421-32 | ||
| 008 | 090401t xxu||||| |||| 00| 0 eng d | ||
| 035 | _a(Sirsi) u86564 | ||
| 041 | _aeng | ||
| 245 | _aPreferred bidder for constructionline | ||
| 260 | _c(416/ENV) 29 May 1998(1) | ||
| 350 | _a0 | ||
| 490 |
_aDETR News Release _v(416/ENV) 29 May 1998(1) |
||
| 520 | _aThe preferred bidder for the Constructionline project, an online register of approved construction contractors and consultants, is Capita Business Services. | ||
| 650 | _aAPPROVED CONTRACTORS | ||
| 650 | _aCAPITA BUSINESS SERVICES | ||
| 650 | _aCONSTRUCTIONLINE | ||
| 650 | _aDETR | ||
| 650 | _aREGISTER | ||
| 690 | _aMANAGEMENT-BUSINESS MANAGEMENT-INFORMATION MANAGEMENT | ||
| 942 | _n0 | ||
| 948 | _c03/06/1998 | ||
| 999 |
_c54493 _d54493 |
||